Introduction to mechanics of solids

Na minha lista:
Detalhes bibliográficos
Autor principal: Popov, Egor Paul, 1913-
Formato: Livro
Idioma:English
Publicado em: Englewood Cliffs, N.J., Prentice-Hall 1968
Assuntos:
Tags: Adicionar Tag
Sem tags, seja o primeiro a adicionar uma tag!

MARC

LEADER 00000nam a2200000Ia 4500
003 000282
005 20221231143943.0
008 140114s1973 ii a 000 ||eng d
040 |c cru CEDI 
082 |a 620.112 P829i 
100 |a Popov, Egor Paul, 1913-  |9 19636 
245 |a Introduction to mechanics of solids 
260 |a Englewood Cliffs, N.J., Prentice-Hall   |c 1968 
300 |a  572 páginas : ilustraciones ; 24 cm.-- 
650 |x RESISTENCIA DE MATERIALES  |9 19646 
942 |2 ddc  |c BK 
999 |c 14741  |d 14741